Páginas escogidas
Сохранить в:
| Главный автор: | |
|---|---|
| Формат: | |
| Язык: | испанский |
| Опубликовано: |
Santiago
Andrés Bello
1969
|
| Предметы: | |
| Метки: |
Добавить метку
Нет меток, Требуется 1-ая метка записи!
|
MARC
| LEADER | 00000nam a2200000 a 4500 | ||
|---|---|---|---|
| 001 | UCT7622 | ||
| 003 | CL-VaPUC | ||
| 008 | 970123e19690000CL |||||||||||||||||spa|d | ||
| 082 | 0 | 4 | |a Ch864 |b LAT |2 21 |
| 100 | |a Latcham, Ricardo Antonio |e author |9 420817 | ||
| 245 | 1 | 0 | |a Páginas escogidas |
| 300 | |a 341 p | ||
| 942 | |c BK | ||
| 945 | |d 19970123 00:00:00 |a rleighto | ||
| 260 | |a Santiago |b Andrés Bello |c 1969 | ||
| 650 | 0 | |a Ensayos chilenos |9 269132 | |
| 583 | |a last modification |c 19970123 00:00:00 |k Rodrigo Vera | ||
| 999 | |c 256183 |d 256181 | ||
| 952 | |0 0 |1 0 |4 0 |6 CH_864_000000000000000_LAT_1969 |7 0 |8 A |9 278770 |a BIBEDU |b BIBEDU |d 2019-11-19 |i 3272257 |o Ch864 LAT 1969 |p 3272257 |r 2019-11-19 |w 2019-11-19 |y BK |k LIT | ||